000 00203 a2200097 4500
020 _a9789996409691
041 _aspa
100 _aBustamante Cortez
245 _atito y Rayo Basura Galactica
942 _cBK
999 _c31479
_d31477